Dávidova hviezda mementom : Ako sa rodila tragédia košických Židov

Podrobná bibliografia
Hlavný autor: Čermáková, Judita (Author)
Ďalší autori: Falat, Ladislav (Compiler)
Médium: Článok
Jazyk:Slovak
Témy:
Zdroj: 1. Východoslovenské noviny Lúč 1. Roč. 3, č. 19(1994), dát. 0125, s. 5
LEADER 00847nab#a2200313#ar4500
001 000009713
003 SVKKK
005 00000000000000.0
008 c xo e sloo
FMT
038 |a SVKKK 
040 |a SVKKK  |b slo  |e AACR2 
041 0 |a slo 
044 |a xo  |c SK 
080 |a 933/=924  |2 1981 
245 0 0 |a Dávidova hviezda mementom :  |b Ako sa rodila tragédia košických Židov  |c Falat Ladislav, Čermáková Judita 
300 |b Fotogr. 1 
650 0 4 |a Židia, Košice  |x deportácia, r. 1944  |x dejiny 
700 1 |a Falat, Ladislav  |4 com 
700 1 |a Čermáková, Judita  |4 aut 
773 0 |t Východoslovenské noviny Lúč  |g Roč. 3, č. 19(1994), dát. 0125, s. 5 
957 |a Košice 
958 |a NP 
958 |a RE 
974 |d 941114  |a Čr 
992 |a RBX 
BAS
852 |a SVKKK  |b BIB 
998 |a REG